000 00602nam a2200241Ia 4500
003 OSt
005 20220928105803.0
006 a|||||r|||| 00| 0
007 ta
008 220927b |||||||| |||| 00| 0 eng d
024 _a108878
037 _cTextual
040 _aSDCL
_cSDCL
_beng
041 _2eng
_aeng
082 _aXD, 152P2.1-.2
100 _aBlack Mark
_9416785
245 0 _aSamanti samaj.
260 _aDelhi
_bGaranth Shilpi
_c2002
300 _a391p
_ccm.
490 _vV2:243p
942 _hXD, 152P2.1-.2
_cTEXL
_2CC
999 _c732728
_d732728